LEADER 01439nam 2200409 450 001 9910672171803321 005 20161108081905.0 010 $a1-63425-693-X 035 $a(CKB)4100000004974669 035 $a(MiAaPQ)EBC5438064 035 $a(EXLCZ)994100000004974669 100 $a20180719d2017 uy 0 101 0 $aeng 135 $aurcnu|||||||| 181 $ctxt$2rdacontent 182 $cc$2rdamedia 183 $acr$2rdacarrier 200 10$aHow to succeed as a trial lawyer $eall the essentials, including what you didn't learn in law school /$fStewart Edelstein 205 $aSecond edition. 210 1$aChicago, Illinois :$cAmerican Bar Association,$d2017. 215 $a1 online resource (xxxiv, 446 pages) 311 $a1-63425-692-1 320 $aIncludes bibliographical references and index. 327 $aDealing with clients -- Dealing with others in your professional life -- Writing -- Discovery -- Alternative dispute resolution -- Court appearances -- Succeeding in your practice and in your life. 606 $aTrial practice$zUnited States 606 $aLawyers$zUnited States 615 0$aTrial practice 615 0$aLawyers 676 $a347.7375 700 $aEdelstein$b Stewart I.$01336682 801 0$bMiAaPQ 801 1$bMiAaPQ 801 2$bMiAaPQ 906 $aBOOK 912 $a9910672171803321 996 $aHow to succeed as a trial lawyer$93054029 997 $aUNINA LEADER 01381nam a2200337 i 4500 001 991001708139707536 008 030709s2001 enka b 001 0 eng d 020 $a0521581877 035 $ab1218584x-39ule_inst 040 $aDip.to Matematica$beng 041 1 $aeng$hger 082 0 $a620.00151535$221 084 $aAMS 65-02 084 $aLC TA347.F5B7313 100 1 $aBraess, Dietrich$056587 240 10$aFinite Elemente.$lEnglish$948376 245 10$aFinite elements :$btheory, fast solvers, and applications in solid mechanics /$cDietrich Braess ; translated by Larry L. Schumaker 250 $a2. ed. 260 $aCambridge :$bCambridge University Press,$c2001 300 $axvii, 352 p. :$bill. ;$c23 cm 504 $aIncludes bibliographical references (p. 337-347) and index 650 0$aFinite element method 650 0$aElasticity$xMathematical models 856 42$uhttp://catdir.loc.gov/catdir/description/cam021/00069656.html$zPublisher description 856 41$uhttp://catdir.loc.gov/catdir/toc/cam026/00069656.html$zTable of contents 907 $a.b1218584x$b13-11-12$c09-07-03 912 $a991001708139707536 945 $aLE013 65-XX BRA11 (1997)$g1$i2013000139326$lle013$op$pE35.20$q-$rl$s- $t0$u1$v0$w1$x0$y.i12544395$z09-07-03 996 $aFinite Elemente$948376 997 $aUNISALENTO 998 $ale013$b09-07-03$cm$da $e-$feng$genk$h0$i1 LEADER 03543nam 22006015 450 001 9910299399103321 005 20200704111535.0 010 $a3-319-90224-5 024 7 $a10.1007/978-3-319-90224-1 035 $a(CKB)3850000000035982 035 $a(DE-He213)978-3-319-90224-1 035 $a(MiAaPQ)EBC5509304 035 $a(PPN)229504078 035 $a(EXLCZ)993850000000035982 100 $a20180703d2018 u| 0 101 0 $aeng 135 $aurnn|008mamaa 181 $ctxt$2rdacontent 182 $cc$2rdamedia 183 $acr$2rdacarrier 200 14$aThe Alnö Carbonatite Complex, Central Sweden /$fby Peter Kresten, Valentin R. Troll 205 $a1st ed. 2018. 210 1$aCham :$cSpringer International Publishing :$cImprint: Springer,$d2018. 215 $a1 online resource (XXXI, 196 p. 82 illus., 76 illus. in color.) 225 1 $aGeoGuide,$x2364-6497 311 $a3-319-90223-7 320 $aIncludes bibliographical references. 327 $aAn Introduction to Carbonatites and Carbonatite Complexes -- Alnö Minerals -- Geochemistry and Alnö as an Economic Reserve -- Excursion Guide. 330 $aThis GeoGuide provides an overview of the geology of Alnö, combined with an up-to-date field itinerary. Covering all major geological aspects, it offers an essential summary of Alnö and its intriguing magmatic rocks in a compact form suitable for field excursions and home study alike. As one of the type localities for carbonatite, the late Proterozoic Alnö ring complex has been a crucial site for carbonatite-related research (next to the Fen complex in Norway), and provided one of the earliest test beds for this unique group of igneous rocks. Five geological excursions introduce the visitor to the most rewarding outcrops, including detailed descriptions and a wealth of high-quality colour photographs. The excursions are complemented by a detailed review of the history of scientific investigation on Alnö and, in particular, a catalogue of exotic and common minerals associated with the complex?s carbonatitic and alkaline silicate rocks. Finally, a summary of its trace element and isotope geochemistry as well as a brief outlook on Alnö?s potential as a future source of Rare Earth Elements (REEs) completes the book. 410 0$aGeoGuide,$x2364-6497 606 $aHistorical geology 606 $aMines and mineral resources 606 $aGeology, Structural 606 $aNature conservation 606 $aHistorical Geology$3https://scigraph.springernature.com/ontologies/product-market-codes/G17020 606 $aMineral Resources$3https://scigraph.springernature.com/ontologies/product-market-codes/G38010 606 $aStructural Geology$3https://scigraph.springernature.com/ontologies/product-market-codes/G17040 606 $aNature Conservation$3https://scigraph.springernature.com/ontologies/product-market-codes/U26008 615 0$aHistorical geology. 615 0$aMines and mineral resources. 615 0$aGeology, Structural. 615 0$aNature conservation. 615 14$aHistorical Geology. 615 24$aMineral Resources. 615 24$aStructural Geology. 615 24$aNature Conservation. 676 $a571.7 700 $aKresten$b Peter$4aut$4http://id.loc.gov/vocabulary/relators/aut$01059255 702 $aTroll$b Valentin R$4aut$4http://id.loc.gov/vocabulary/relators/aut 906 $aBOOK 912 $a9910299399103321 996 $aThe Alnö Carbonatite Complex, Central Sweden$92504790 997 $aUNINA